نیا قانون: (Record no. 173361)

MARC details
000 -LEADER
fixed length control field 00802nam a22002417a 4500
005 - DATE AND TIME OF LATEST TRANSACTION
control field 20200222113807.0
010 ## - LCCN (DPL NO)
LC control number B-123263
020 ## - INTERNATIONAL STANDARD BOOK NUMBER
International Standard Book Number 8182230829
Terms of availability 100.00
035 ## - SYSTEM CONTROL NUMBER
System control number B-123263
037 ## - SOURCE OF ACQUISITION
Source of stock number/acquisition Cen Lib/Ret
082 ## - DEWEY DECIMAL CLASSIFICATION NUMBER
Classification number ک
100 ## - MAIN ENTRY--PERSONAL NAME
Personal name منٹو، سعادت حسن
245 ## - TITLE STATEMENT
Title نیا قانون:
Remainder of title کولیات منٹو-افسانے، جلد 13 /
Statement of responsibility, etc سعادت حسن منٹو
246 ## - VARYING FORM OF TITLE
Title proper/short title Naya Qanoon (Kulliyat-e-Manto-Afsane, vol.13) /
Remainder of title by Saadat Hasan manto
260 ## - PUBLICATION, DISTRIBUTION, ETC. (IMPRINT)
Place of publication, distribution, etc Delhi
Name of publisher, distributor, etc Educational Publishing House
Date of publication, distribution, etc 2005 ء
270 ## - ADDRESS
City Delhi
Address 3108, Vakil Street, Kucha Pandit, Lal Kuan
Postal code 110006
300 ## - PHYSICAL DESCRIPTION
Extent 160p.
Dimensions 22cm(Hb)
650 ## - SUBJECT ADDED ENTRY--TOPICAL TERM
Topical term or geographic name as entry element اردو ادب
650 ## - SUBJECT ADDED ENTRY--TOPICAL TERM
Topical term or geographic name as entry element اردو ناول
650 ## - SUBJECT ADDED ENTRY--TOPICAL TERM
Topical term or geographic name as entry element Urdu literature
650 ## - SUBJECT ADDED ENTRY--TOPICAL TERM
Topical term or geographic name as entry element Urdu novel
942 ## - ADDED ENTRY ELEMENTS (KOHA)
Source of classification or shelving scheme Dewey Decimal Classification
Item type Urdu Bks
Classification part ک
Call number suffix م ن ٹ
Holdings
Withdrawn status Lost status Not for loan Collection code Home library Current library Date acquired Source of acquisition Cost, normal purchase price Full call number Barcode Copy number Cost, replacement price Koha item type
      Fiction Central Library Central Library 22/02/2020 BPPD/Ven. 100.00 ک م ن ٹ B-123263 1 100.00 Urdu Bks

© Delhi Public Library
Hit Counter
free hit counter